000 00739nam a22002417a 4500
001 65538
003 UA-OsUOA
005 20220413221647.0
007 ta
008 20091126b un ||||| |||| 00| 0 ukr d
020 _a9660238797
040 _aUA-OsUOA
_bukr
_cUA-OsUOA
_dUA-OsUOA
041 _aukr
080 _a281.96(477.4)(091)
090 _a281.96(477.4)(091)
_bТ19
100 _aТаранець С.
245 _aДжерела з історії старообрядства Правобережної України кінця 18 – поч. 20 ст.
260 _aК.
_c2007
300 _a456 с.
650 7 _a281.9 Східна православна церква і скопці
_2UDC
942 _cBK
_2udc
955 _a2
999 _c351509
_d351509